[Event "Hamar CC-ch A"]
[Site "Hamar"]
[Date "2019.05.02"]
[Round "8"]
[White "Madagov, Lom"]
[Black "Bakken, Svein Arne"]
[Result "1-0"]
[WhiteElo "2023"]
[BlackElo "1424"]
[PlyCount "31"]
[EventDate "2019.02.21"]
[EventType "swiss"]
[EventRounds "9"]
[EventCountry "NOR"]
[SourceTitle "EXT 2024"]
[Source "ChessBase"]
[SourceDate "2023.10.10"]
[SourceVersion "1"]
[SourceVersionDate "2023.10.10"]
[SourceQuality "1"]

1. e4 c5 2. d4 cxd4 3. c3 dxc3 4. Nxc3 Nc6 5. Nf3 d6 6. Bc4 e6 7. 0-0 g6 8. Qe2 Nf6 9. Rd1 Qc7 10. Bf4 Be7 11. Rac1 0-0 12. Bb3 Rd8 13. Nd5 exd5 14. exd5 Qb6 15. dxc6 bxc6 16. Qxe7 1-0

[Event "Hamar CC-ch A"]
[Site "Hamar"]
[Date "2018.01.18"]
[Round "2"]
[White "Bakken, Svein Arne"]
[Black "Brobakken, Vidar"]
[Result "1/2-1/2"]
[WhiteElo "1438"]
[BlackElo "1351"]
[PlyCount "71"]
[EventDate "2018.01.04"]
[EventType "swiss"]
[EventRounds "9"]
[EventCountry "NOR"]
[SourceTitle "EXT 2024"]
[Source "ChessBase"]
[SourceDate "2023.10.10"]
[SourceVersion "1"]
[SourceVersionDate "2023.10.10"]
[SourceQuality "1"]

1. d4 Nf6 2. c4 g6 3. Nf3 Bg7 4. e3 0-0 5. Nc3 d6 6. Bd3 Re8 7. h3 e5 8. dxe5 dxe5 9. e4 h6 10. 0-0 c6 11. Be2 Qc7 12. Qc2 Be6 13. Be3 Nbd7 14. Rfd1 Nb6 15. b3 Rad8 16. Rxd8 Rxd8 17. Rd1 Nh5 18. Rd2 Nf4 19. Qd1 Rxd2 20. Qxd2 Nd7 21. Bf1 Kh7 22. Ne2 Nxe2+ 23. Bxe2 Nf6 24. Qd3 c5 25. g4 Bf8 26. g5 Nh5 27. gxh6 Nf4 28. Bxf4 exf4 29. Ng5+ Kxh6 30. h4 Be7 31. Qc3 Qd8 32. Nxe6 fxe6 33. Qe5 Bxh4 34. Qxf4+ Qg5+ 35. Qxg5+ Kxg5 36. Kg2 1/2-1/2

[Event "Hamar op A"]
[Site "Hamar"]
[Date "2017.12.07"]
[Round "7"]
[White "Bakken, Svein Arne"]
[Black "Brobakken, Jorgen"]
[Result "0-1"]
[WhiteElo "1427"]
[BlackElo "1424"]
[PlyCount "44"]
[EventDate "2017.09.07"]
[EventType "swiss"]
[EventRounds "7"]
[EventCountry "NOR"]
[SourceTitle "EXT 2024"]
[Source "ChessBase"]
[SourceDate "2023.10.10"]
[SourceVersion "1"]
[SourceVersionDate "2023.10.10"]
[SourceQuality "1"]

1. e4 d5 2. exd5 Qxd5 3. Nc3 Qa5 4. d4 c6 5. Nf3 Nf6 6. Bd2 Qc7 7. a4 Bg4 8. h3 Bxf3 9. Qxf3 Qb6 10. Qd3 Nbd7 11. Rb1 0-0-0 12. Qc4 e5 13. d5 Bc5 14. dxc6 Bxf2+ 15. Ke2 Nc5 16. cxb7+ Kxb7 17. Qb5 Nce4 18. Qxb6+ Bxb6 19. Nxe4 Nxe4 20. Bc3 Ng3+ 21. Kf3 Nxh1 22. Bc4 e4+ 0-1

[Event "Hamar CC-ch A"]
[Site "Hamar"]
[Date "2017.02.16"]
[Round "4"]
[White "Reigstad, Erlend"]
[Black "Bakken, Svein Arne"]
[Result "1-0"]
[WhiteElo "1499"]
[BlackElo "1346"]
[PlyCount "94"]
[EventDate "2017.01.05"]
[EventType "swiss"]
[EventRounds "9"]
[EventCountry "NOR"]
[SourceTitle "EXT 2024"]
[Source "ChessBase"]
[SourceDate "2023.10.10"]
[SourceVersion "1"]
[SourceVersionDate "2023.10.10"]
[SourceQuality "1"]

1. e4 c6 2. d4 d5 3. e5 Bf5 4. Ne2 e6 5. Ng3 Bg6 6. b3 f6 7. exf6 Nxf6 8. Bd3 Bxd3 9. Qxd3 Bd6 10. 0-0 0-0 11. Nd2 Nbd7 12. Bb2 Qc7 13. Rae1 Rae8 14. Nf3 e5 15. dxe5 Nxe5 16. Nxe5 Bxe5 17. Bxe5 Rxe5 18. Rxe5 Qxe5 19. f4 Qd6 20. c3 Qc5+ 21. Qd4 Qxd4+ 22. cxd4 Re8 23. Rf2 Re1+ 24. Rf1 Re3 25. Rd1 g6 26. Nf1 Re4 27. g3 Re2 28. Rd2 Re4 29. Kf2 Ng4+ 30. Kf3 Nh6 31. g4 Nf7 32. Ng3 Re6 33. Re2 Rxe2 34. Kxe2 Nd6 35. Kf3 Kf7 36. f5 gxf5 37. Nxf5 Nxf5 38. gxf5 Kf6 39. Kf4 b6 40. b4 h5 41. a4 a6 42. a5 bxa5 43. bxa5 h4 44. h3 Ke7 45. Ke5 Kf7 46. Kd6 Kf6 47. Kxc6 Kxf5 1-0

[Event "Hamar Ridabu School-ch A"]
[Site "Hamar"]
[Date "2016.04.07"]
[Round "7"]
[White "Bakken, Svein Arne"]
[Black "Soberg, Anders"]
[Result "1/2-1/2"]
[WhiteElo "1356"]
[BlackElo "1359"]
[PlyCount "92"]
[EventDate "2016.01.07"]
[EventType "swiss"]
[EventRounds "9"]
[EventCountry "NOR"]
[SourceTitle "EXT 2024"]
[Source "ChessBase"]
[SourceDate "2023.10.10"]
[SourceVersion "1"]
[SourceVersionDate "2023.10.10"]
[SourceQuality "1"]

1. e4 c6 2. d4 d5 3. Nc3 dxe4 4. Nxe4 Bf5 5. Ng3 Bg6 6. Nf3 Nd7 7. Bd3 Bxd3 8. Qxd3 e6 9. Be3 Ngf6 10. 0-0 Qc7 11. c4 Bd6 12. c5 Bf4 13. Bxf4 Qxf4 14. Ne2 Qh6 15. Nc3 Rd8 16. Qe3 Ng4 17. Qxh6 Nxh6 18. Ne4 b6 19. b4 Ke7 20. Nd6 Nf6 21. Ne5 Rxd6 22. cxd6+ Kxd6 23. Rac1 Rc8 24. Rc2 Nd5 25. a3 f6 26. Nc4+ Kd7 27. Ne3 b5 28. Nxd5 exd5 29. Re1 Nf5 30. Rd2 a5 31. g4 Nh4 32. Rd3 axb4 33. axb4 Re8 34. Rxe8 Kxe8 35. Re3+ Kf7 36. Rc3 Ke7 37. f4 Kd7 38. Kf2 Ng6 39. Kg3 Ne7 40. h4 f5 41. Ra3 fxg4 42. Kxg4 Ke6 43. Re3+ Kf6 44. Re5 g6 45. Re3 h5+ 46. Kh3 Nf5 1/2-1/2